Statistics for central cee songs in wild west mixtape

Click here to take the quiz!

General Stats

  • This quiz has been taken 41 times
  • The average score is 8 of 14

Answer Stats

HintAnswer% Correct
12loading
85%
16 for 6
78%
5day in the life
74%
7commitment issues
70%
9ruby
70%
2fraud
56%
11xmas eve
56%
8sex money drugs
52%
14gangbiz
48%
3pinging
48%
6dun deal
44%
13tension
44%
10hate it or luv it
41%
4the bag
37%

Score Distribution

Percentile by Number Answered

Percent of People with Each Score

Your Score History

You have not taken this quiz